000
00250 a2200097 4500
001
51337
100
_a
Ghamni Al-Akram Sebzwary
245
_a
Darja Bandi (Hissa Awel) (Vol-I)
260
_a
Karachi
_b
Library Promotion Beurow
_c
090
_c
32527
_d
32527
942
_a
NUST-CAE
_c
M
_c
25033
999
_c
286410
_d
286410